Local-level Knowledge - Singapore - Statistics

General Stats
  • This quiz has been taken 15 times
  • The average score is 11 of 15
Answer Stats
Hint Answer % Correct
Highest hill Bukit Timah Hill
93%
Most eastern train station Changi Airport
93%
Malaysian city with the highest number of Singaporean visitors annually Johor Bahru
93%
Name of the board that manages the public housing of Singapore Housing and Development Board (HDB)
87%
Name of the examination Primary 6 students are required to take Primary School Leaving Examination (PSLE)
87%
Largest outlying island, used for military training Pulau Tekong
80%
Name of the man who built a hospital named after him Tan Tock Seng
80%
The name of the presidential palace The Istana
80%
He founded the Kingdom of Singapura in 1299 Sang Nila Utama
73%
Most western train station Tuas Link
73%
Name of the highway that collapsed on 20 April, 2004 Nicoll Highway
67%
Name of the wetland reserve in Lim Chu Kang Sungei Buloh Wetland Reserve
60%
Some people call it the "Florida of Singapore" Yishun
53%
Hiking trail connecting Woodlands and Tanjong Pagar Rail Corridor
33%
First infill MRT station ever constructed Dover
27%
No matching quizzes found
Score Distribution
Percent of People with Each Score
Percentile by Number Answered
Your Score History
You have not taken this quiz